El Código Civil y Comercial y su interacción con la ley 26.485 : (Registro nro. 6255)
[ vista simple ]
| 000 -LEADER | |
|---|---|
| fixed length control field | 01236nab a22002417a 4500 |
| 003 - CONTROL NUMBER IDENTIFIER | |
| control field | OSt |
| 005 - DATE AND TIME OF LATEST TRANSACTION | |
| control field | 20260128020735.0 |
| 008 - FIXED-LENGTH DATA ELEMENTS--GENERAL INFORMATION | |
| fixed length control field | 190514b xxu||||| |||| 00| 0 spa d |
| 040 ## - CATALOGING SOURCE | |
| Transcribing agency | PJ |
| 100 ## - MAIN ENTRY--PERSONAL NAME | |
| 9 (RLIN) | 6966 |
| Personal name | Simone Bergamaschi, María Roberta |
| 245 13 - TITLE STATEMENT | |
| Title | El Código Civil y Comercial y su interacción con la ley 26.485 : |
| Remainder of title | violencia económica y alimentos a favor de la cónyuge/conviviente / |
| Statement of responsibility, etc | María Roberta Simone Bergamaschi. |
| 300 ## - PHYSICAL DESCRIPTION | |
| Extent | p. 53-62 |
| 500 ## - GENERAL NOTE | |
| General note | Cita: TR LALEY AR/DOC/2513/2025. |
| 505 ## - FORMATTED CONTENTS NOTE | |
| Formatted contents note | Sumario: I. Introducción.— II. El deber alimentario derivado del matrimonio en el Cód. Civ. y Com.— III. La cuestión de los alimentos en el marco de las uniones convivenciales.— IV. Violencia económica y perspectiva de género: interacciones con la ley 26.485.— V. Conclusión. |
| 505 ## - FORMATTED CONTENTS NOTE | |
| Title | Si te interesa el texto, comunicate a koha@justierradelfuego.gov.ar |
| 650 #0 - SUBJECT ADDED ENTRY--TOPICAL TERM | |
| 9 (RLIN) | 967 |
| Topical term or geographic name as entry element | DERECHO DE FAMILIA |
| 650 #0 - SUBJECT ADDED ENTRY--TOPICAL TERM | |
| 9 (RLIN) | 1497 |
| Topical term or geographic name as entry element | CODIGO CIVIL Y COMERCIAL |
| 650 #0 - SUBJECT ADDED ENTRY--TOPICAL TERM | |
| 9 (RLIN) | 5360 |
| Topical term or geographic name as entry element | VIOLENCIA ECONÓMICA |
| 650 #0 - SUBJECT ADDED ENTRY--TOPICAL TERM | |
| 9 (RLIN) | 968 |
| Topical term or geographic name as entry element | ALIMENTOS |
| 650 #0 - SUBJECT ADDED ENTRY--TOPICAL TERM | |
| 9 (RLIN) | 4044 |
| Topical term or geographic name as entry element | PERSPECTIVA DE GÉNERO |
| 773 0# - HOST ITEM ENTRY | |
| Host Biblionumber | 2844 |
| Host Itemnumber | 3222 |
| Place, publisher, and date of publication | Buenos Aires : AbeledoPerrot, 1989- |
| Title | Derecho de familia. N° 122 - Noviembre 2025 |
| International Standard Book Number | 18511201 |
| 942 ## - ADDED ENTRY ELEMENTS (KOHA) | |
| Source of classification or shelving scheme | |
| Koha item type | Analítica Artículo de Revista |
No hay ítems disponibles.
